000 00318nam a22001337a 4500
008 170614b xxu||||| |||| 00| 0 eng d
020 _a0691022623
041 _aeng
080 _a338
100 _a19
101 _aSHP
245 _aTHE POLITICAL ECONOMY OF INTERNATIONAL REALTIONS
_cGILPIN.R
942 _2udc
_cBK
999 _c17266
_d17266